| 000 | 00574nam a22001697a 4500 | ||
|---|---|---|---|
| 003 | NUST | ||
| 038 | _aZafar Iqbal Malik | ||
| 082 | _a200 | ||
| 100 |
_aZaidi, Syed Sajid Raza _9127655 |
||
| 245 |
_aEnergy Analysis During Milling Operation of Aerospace Alloys/ _cSyed Sajid Raza Zaidi |
||
| 264 |
_aIslamabad _bSMME NUST _c2024 |
||
| 300 |
_a249, p. _c35 cm. |
||
| 650 |
_aPhD-Design and Manufacturing Engineering _9123165 |
||
| 700 |
_aSupervisor: Dr. Shahid Ikram Ullah Butt _9122372 |
||
| 856 | _uhttp://10.250.8.41:8080/xmlui/handle/123456789/46430 | ||
| 942 |
_2ddc _cSC |
||
| 999 |
_c612719 _d612719 |
||